[Event "GER-chT Betriebe 17th"]
[Site "Berlin"]
[Date "2017.11.02"]
[Round "2.1"]
[White "Junker, Carsten"]
[Black "Obermeier, Karlheinz"]
[Result "1-0"]
[WhiteElo "1715"]
[BlackElo "1526"]
[PlyCount "91"]
[EventDate "2017.11.02"]
[EventType "team-swiss"]
[EventRounds "7"]
[EventCountry "GER"]
[SourceTitle "EXT 2020"]
[Source "ChessBase"]
[SourceDate "2019.10.17"]
[SourceVersion "1"]
[SourceVersionDate "2019.10.17"]
[SourceQuality "1"]
[WhiteTeam "Muenchen EPA II"]
[BlackTeam "Muenchen ADAC II"]
[WhiteTeamCountry "GER"]
[BlackTeamCountry "GER"]

1. c4 e5 2. Nf3 d6 3. Nc3 Nf6 4. d4 exd4 5. Nxd4 Bd7 6. g3 c6 7. Bg2 Na6 8. 0-0 Nc7 9. e4 Ne6 10. Nf5 Qc7 11. b3 g6 12. Ne3 Rd8 13. Bb2 Bg7 14. Ncd5 cxd5 15. Bxf6 Bxf6 16. Nxd5 Qb8 17. Nxf6+ Kf8 18. Nxd7+ Rxd7 19. Bh3 Rd8 20. Bxe6 fxe6 21. Qd4 Kf7 22. f4 Qc8 23. Qxa7 Rhe8 24. Qd4 Qc5 25. Qxc5 dxc5 26. Rfd1 Kf6 27. e5+ Kf5 28. Rd6 Rxd6 29. exd6 Rd8 30. Rd1 Kf6 31. Kf2 b6 32. a3 e5 33. Kf3 exf4 34. Kxf4 h6 35. b4 Ke6 36. bxc5 bxc5 37. a4 Kd7 38. Ke5 Rf8 39. g4 Rf2 40. Kd5 Rxh2 41. Kxc5 h5 42. Re1 Rd2 43. Re7+ Kd8 44. gxh5 gxh5 45. Rh7 Ra2 46. Kc6 1-0

[Event "GER-chT Betriebe 17th"]
[Site "Berlin"]
[Date "2017.11.02"]
[Round "1.1"]
[White "Obermeier, Karlheinz"]
[Black "Blum, Norbert"]
[Result "0-1"]
[WhiteElo "1526"]
[BlackElo "1995"]
[PlyCount "40"]
[EventDate "2017.11.02"]
[EventType "team-swiss"]
[EventRounds "7"]
[EventCountry "GER"]
[SourceTitle "EXT 2020"]
[Source "ChessBase"]
[SourceDate "2019.10.17"]
[SourceVersion "1"]
[SourceVersionDate "2019.10.17"]
[SourceQuality "1"]
[WhiteTeam "Muenchen ADAC II"]
[BlackTeam "Stuttgart Sparkassen-Vers"]
[WhiteTeamCountry "GER"]
[BlackTeamCountry "GER"]

1. d4 Nf6 2. c4 g6 3. e3 Bg7 4. Nc3 d5 5. Nf3 0-0 6. a3 c5 7. dxc5 dxc4 8. Bxc4 Qxd1+ 9. Kxd1 Nbd7 10. Na4 Ne4 11. Ke2 Ndxc5 12. Nxc5 Nxc5 13. Rd1 Bd7 14. Nd4 Ba4 15. Rd2 Rac8 16. b3 Bxb3 17. Bd3 e5 18. Nxb3 Nxb3 19. Bb2 Nxa1 20. Bxa1 e4 0-1

[Event "GER-chT Betriebe 16th"]
[Site "Dresden"]
[Date "2016.11.05"]
[Round "6.2"]
[White "Obermeier, Karlheinz"]
[Black "Schmidt, Joerg4444"]
[Result "0-1"]
[WhiteElo "1525"]
[BlackElo "1736"]
[PlyCount "124"]
[EventDate "2016.11.03"]
[EventType "team-swiss"]
[EventRounds "7"]
[EventCountry "GER"]
[SourceTitle "EXT 2020"]
[Source "ChessBase"]
[SourceDate "2019.10.17"]
[SourceVersion "1"]
[SourceVersionDate "2019.10.17"]
[SourceQuality "1"]
[WhiteTeam "Muenchen ADAC II"]
[BlackTeam "Berlin Tempelhof II"]
[WhiteTeamCountry "GER"]
[BlackTeamCountry "GER"]

1. e4 c5 2. Nf3 e6 3. Nc3 Nc6 4. d4 cxd4 5. Nxd4 a6 6. Bc4 Bc5 7. Nxc6 bxc6 8. 0-0 d5 9. exd5 cxd5 10. Be2 Ne7 11. Bg5 0-0 12. Bf3 f6 13. Bf4 Bb7 14. Na4 Ba7 15. Bd2 Nc6 16. Qe1 Qd6 17. c3 Ne5 18. Be2 Qc6 19. Qd1 d4 20. Bf3 Nxf3+ 21. gxf3 Qxf3 22. Qxf3 Bxf3 23. cxd4 Bxd4 24. Bc3 Rfd8 25. Rfe1 Kf7 26. Rac1 Ra7 27. h3 e5 28. b4 Rd5 29. a3 Bxc3 30. Rxc3 e4 31. Nc5 Rg5+ 32. Kf1 f5 33. Ree3 Bg2+ 34. Ke1 Rg6 35. Re2 Bf3 36. Ree3 Rg1+ 37. Kd2 Bh5 38. Rc2 Rd1+ 39. Kc3 Kf6 40. Kb3 Be8 41. f3 Bf7+ 42. Kb2 exf3 43. Rxf3 Bd5 44. Rff2 g5 45. a4 Rd4 46. Ka3 f4 47. Rfe2 h5 48. Re8 g4 49. hxg4 hxg4 50. Rh2 f3 51. Rh6+ Kg5 52. Rd6 f2 53. Rf8 Rf7 54. Rxd5+ Rxd5 55. Rxf7 Rxc5 56. Rxf2 Rc3+ 57. Kb2 Rf3 58. Rd2 g3 59. Rd5+ Kf4 60. Rd8 g2 61. Rg8 Rg3 62. Rf8+ Ke5 0-1

[Event "GER-chT Betriebe 15th"]
[Site "Munich"]
[Date "2015.10.23"]
[Round "4.3"]
[White "Bangert, Udo"]
[Black "Obermeier, Karlheinz"]
[Result "0-1"]
[WhiteElo "1904"]
[BlackElo "1522"]
[PlyCount "71"]
[EventDate "2015.10.22"]
[EventType "team-swiss"]
[EventRounds "7"]
[EventCountry "GER"]
[SourceTitle "EXT 2020"]
[Source "ChessBase"]
[SourceDate "2019.10.17"]
[SourceVersion "1"]
[SourceVersionDate "2019.10.17"]
[SourceQuality "1"]
[WhiteTeam "Stuttgart Stern"]
[BlackTeam "Muenchen ADAC II"]
[WhiteTeamCountry "GER"]
[BlackTeamCountry "GER"]

1. b3 e5 2. Bb2 d6 3. c4 Nf6 4. Nc3 g6 5. e4 Bg7 6. Nge2 Nc6 7. f3 Nb4 8. d4 exd4 9. Nxd4 Bd7 10. a3 Nc6 11. Nxc6 Bxc6 12. Qd2 0-0 13. Bd3 Nd7 14. 0-0 b6 15. Nd5 Bxd5 16. Bxg7 Kxg7 17. cxd5 a5 18. Rfc1 Ra7 19. Bb5 Nc5 20. Rab1 f6 21. b4 axb4 22. axb4 Nd7 23. Ra1 Rxa1 24. Rxa1 Rf7 25. Qc3 g5 26. Bc6 Qe7 27. Rc1 h6 28. Bxd7 Qxd7 29. g4 Kg6 30. Qd3 Kg7 31. Rc6 Qc8 32. Qc4 Re7 33. Rxd6 Qb7 34. Rc6 Qb8 35. d6 cxd6 36. Rc8 0-1

[Event "GER-chT Betriebe 15th"]
[Site "Munich"]
[Date "2015.10.22"]
[Round "2.2"]
[White "Obermeier, Karlheinz"]
[Black "Mueller, Gerd"]
[Result "1-0"]
[WhiteElo "1522"]
[BlackElo "1820"]
[PlyCount "107"]
[EventDate "2015.10.22"]
[EventType "team-swiss"]
[EventRounds "7"]
[EventCountry "GER"]
[SourceTitle "EXT 2020"]
[Source "ChessBase"]
[SourceDate "2019.10.17"]
[SourceVersion "1"]
[SourceVersionDate "2019.10.17"]
[SourceQuality "1"]
[WhiteTeam "Muenchen ADAC II"]
[BlackTeam "Berlin Osram"]
[WhiteTeamCountry "GER"]
[BlackTeamCountry "GER"]

1. d4 Nf6 2. c4 e6 3. e3 Bb4+ 4. Bd2 Qe7 5. Nc3 d5 6. a3 Bxc3 7. Bxc3 b6 8. Nf3 Ne4 9. cxd5 Nxc3 10. bxc3 exd5 11. Ne5 0-0 12. Bb5 Bb7 13. 0-0 a6 14. Bd3 f6 15. Nf3 Nd7 16. Qc2 g6 17. Nd2 f5 18. Rfe1 Rae8 19. Qa4 c5 20. Qc2 Rf6 21. Bf1 Rc6 22. Qa2 Re6 23. Rab1 Kg7 24. a4 f4 25. Nf3 fxe3 26. fxe3 Rxe3 27. Qd2 c4 28. Ne5 Rxe1 29. Rxe1 Nf6 30. Re3 Ne4 31. Qe1 Qc7 32. Rh3 Bc8 33. Re3 Bf5 34. h3 b5 35. axb5 axb5 36. g4 Bd7 37. Bg2 Bc6 38. Qh4 h6 39. Qe1 Bb7 40. h4 Rf8 41. g5 hxg5 42. hxg5 Qe7 43. Qh4 Nxg5 44. Qg4 Qf6 45. Qd7+ Kg8 46. Kh2 Qf4+ 47. Rg3 Qh4+ 48. Bh3 Rf2+ 49. Rg2 Qf4+ 50. Kh1 Rf1+ 51. Rg1 Qe4+ 52. Kh2 Qf4+ 53. Kh1 Qe4+ 54. Kh2 1-0

[Event "Oberpfalz-ch M2"]
[Site "Schwandorf"]
[Date "2015.03.30"]
[Round "6"]
[White "Bruell, Elias"]
[Black "Obermeier, Karlheinz"]
[Result "1/2-1/2"]
[WhiteElo "1671"]
[BlackElo "1553"]
[PlyCount "36"]
[EventDate "2015.03.28"]
[EventType "swiss"]
[EventRounds "8"]
[EventCountry "GER"]
[SourceTitle "EXT 2022"]
[Source "ChessBase"]
[SourceDate "2021.10.06"]
[SourceVersion "1"]
[SourceVersionDate "2021.10.06"]
[SourceQuality "1"]

1. e4 e5 2. Nf3 Nc6 3. Bb5 d6 4. d4 exd4 5. Nxd4 Bd7 6. 0-0 Nxd4 7. Bxd7+ Qxd7 8. Qxd4 Nf6 9. Bg5 Be7 10. Nc3 0-0 11. e5 Ne8 12. Bxe7 Qxe7 13. Rfe1 c6 14. exd6 Qxd6 15. Rad1 Qxd4 16. Rxd4 Nf6 17. g3 Rfd8 18. Rxd8+ Rxd8 1/2-1/2

[Event "Oberpfalz-ch M2"]
[Site "Schwandorf"]
[Date "2015.03.29"]
[Round "3"]
[White "Obermeier, Karlheinz"]
[Black "Sakinmaz, Kadri"]
[Result "0-1"]
[WhiteElo "1553"]
[BlackElo "1661"]
[PlyCount "126"]
[EventDate "2015.03.28"]
[EventType "swiss"]
[EventRounds "8"]
[EventCountry "GER"]
[SourceTitle "EXT 2022"]
[Source "ChessBase"]
[SourceDate "2021.10.06"]
[SourceVersion "1"]
[SourceVersionDate "2021.10.06"]
[SourceQuality "1"]

1. e4 c5 2. Nf3 Nc6 3. Nc3 g6 4. Bc4 d6 5. Ng5 e6 6. d3 Be7 7. h4 h6 8. Nf3 a6 9. a3 Bf6 10. Bd2 b5 11. Ba2 b4 12. axb4 cxb4 13. Na4 Bd7 14. c3 Rb8 15. Rb1 Qa5 16. Bb3 Nge7 17. Ra1 Nc8 18. d4 bxc3 19. Bxc3 Qb5 20. Bc2 Nb4 21. e5 dxe5 22. Nxe5 Bxe5 23. dxe5 Nxc2+ 24. Qxc2 Qc4 25. f3 Ne7 26. g3 Nf5 27. Kf2 Nd4 28. Qe4 Bxa4 29. Qxd4 Bb5 30. Qxc4 Bxc4 31. Rhd1 0-0 32. Rd6 Rfc8 33. Rad1 Bd5 34. Rxa6 Rb3 35. Rda1 Rxb2+ 36. Bxb2 Rc2+ 37. Ke3 Rxb2 38. R1a3 h5 39. R6a4 Rg2 40. Kf4 Kg7 41. Rd3 Rc2 42. Rad4 Rc5 43. Kg5 Bxf3 44. Rxf3 f6+ 45. Kf4 fxe5+ 46. Ke4 exd4 47. Kxd4 Rf5 48. Ra3 g5 49. hxg5 Kg6 50. Ke4 Kxg5 51. Rb3 Rf1 52. Ke5 Re1+ 53. Kd4 e5+ 54. Kd3 Rg1 55. Rb5 Kf5 56. Rb8 Rxg3+ 57. Ke2 h4 58. Kf2 Kg4 59. Rg8+ Kf4 60. Rf8+ Ke4 61. Rh8 Rg4 62. Rh7 Rf4+ 63. Kg2 Ke3 0-1

[Event "GER-chT Betriebe 14th"]
[Site "Dresden"]
[Date "2014.11.21"]
[Round "4.4"]
[White "Molzan, Andreas"]
[Black "Obermeier, Karlheinz"]
[Result "1/2-1/2"]
[WhiteElo "1255"]
[BlackElo "1553"]
[PlyCount "42"]
[EventDate "2014.11.20"]
[EventType "team-swiss"]
[EventRounds "7"]
[EventCountry "GER"]
[SourceTitle "EXT 2020"]
[Source "ChessBase"]
[SourceDate "2019.10.17"]
[SourceVersion "1"]
[SourceVersionDate "2019.10.17"]
[SourceQuality "1"]
[WhiteTeam "Stuttgart Stern"]
[BlackTeam "Muenchen ADAC"]
[WhiteTeamCountry "GER"]
[BlackTeamCountry "GER"]

1. e4 e5 2. Nf3 Nc6 3. Bc4 d6 4. Nc3 Be7 5. d3 Nf6 6. Be3 0-0 7. Qd2 Na5 8. h4 Nxc4 9. dxc4 Be6 10. b3 Qd7 11. Nh2 a6 12. f3 Ne8 13. g3 f5 14. 0-0-0 Nf6 15. exf5 Bxf5 16. g4 Be6 17. g5 Nh5 18. Ne2 g6 19. Rdg1 b6 20. Ng3 Nf4 21. Ne2 Nh5 1/2-1/2

[Event "Regionalliga NO 1314"]
[Site "Bayern"]
[Date "2014.04.06"]
[Round "9.8"]
[White "Sand, Peter"]
[Black "Obermeier, Karlheinz"]
[Result "1/2-1/2"]
[WhiteElo "1794"]
[BlackElo "1553"]
[PlyCount "45"]
[EventDate "2013.10.13"]
[EventType "team-tourn"]
[EventRounds "9"]
[EventCountry "GER"]
[SourceTitle "EXT 2015"]
[Source "ChessBase"]
[SourceDate "2014.11.20"]
[SourceVersion "1"]
[SourceVersionDate "2014.11.20"]
[SourceQuality "1"]
[WhiteTeam "Fuerth SF"]
[BlackTeam "Schwandorf"]
[WhiteTeamCountry "GER"]
[BlackTeamCountry "GER"]

1. e4 e5 2. Nf3 Nc6 3. Bb5 d6 4. d4 Bd7 5. d5 Nce7 6. Nc3 Bxb5 7. Nxb5 a6 8. Nc3 Ng6 9. 0-0 Be7 10. Ne2 Nf6 11. Ng3 Nd7 12. Be3 0-0 13. a4 Nh4 14. Nxh4 Bxh4 15. Nf5 g6 16. Qg4 Bf6 17. Bh6 Re8 18. Ra3 Kh8 19. Ng3 Bg7 20. Bxg7+ Kxg7 21. h4 Nf6 22. Qg5 Ng8 23. Qxd8 1/2-1/2

[Event "GER-chT Betriebe"]
[Site "Berlin"]
[Date "2006.10.08"]
[Round "7.4"]
[White "Biedekoepper, Robert"]
[Black "Obermeier, Karlheinz"]
[Result "1-0"]
[WhiteElo "2149"]
[BlackElo "1539"]
[PlyCount "69"]
[EventDate "2006.10.05"]
[EventType "team-tourn"]
[EventRounds "7"]
[EventCountry "GER"]
[SourceTitle "EXT 2020"]
[Source "ChessBase"]
[SourceDate "2019.10.17"]
[SourceVersion "1"]
[SourceVersionDate "2019.10.17"]
[SourceQuality "1"]
[WhiteTeam "Deutsche Post Bonn"]
[BlackTeam "Muenchen ADAC"]
[WhiteTeamCountry "GER"]
[BlackTeamCountry "GER"]

1. d4 d5 2. c4 Nf6 3. cxd5 Nxd5 4. e4 Nb6 5. Nc3 e6 6. Nf3 c5 7. d5 a6 8. Be2 Be7 9. 0-0 0-0 10. Bf4 Re8 11. Qd2 f6 12. a4 Bd6 13. Be3 Bd7 14. a5 Nc8 15. Rfd1 Qc7 16. h3 e5 17. Rdc1 Ne7 18. b4 c4 19. Bb6 Qc8 20. Na2 Bb5 21. Qc2 Nd7 22. Be3 Qd8 23. Bxc4 Bxc4 24. Qxc4 Rc8 25. Qb3 Rb8 26. Nc3 Ra8 27. Na4 Kh8 28. Nc5 b5 29. axb6 Nxb6 30. Rxa6 Rxa6 31. Nxa6 Qa8 32. Nc7 Bxc7 33. Rxc7 Qb8 34. d6 Ng6 35. Qf7 1-0

[Event "GER-chT Betriebe"]
[Site "Berlin"]
[Date "2006.10.06"]
[Round "3.4"]
[White "Schaefer, Manfred"]
[Black "Obermeier, Karlheinz"]
[Result "1/2-1/2"]
[WhiteElo "1753"]
[BlackElo "1539"]
[PlyCount "36"]
[EventDate "2006.10.05"]
[EventType "team-tourn"]
[EventRounds "7"]
[EventCountry "GER"]
[SourceTitle "EXT 2007"]
[Source "ChessBase"]
[SourceDate "2006.11.23"]
[SourceVersion "1"]
[SourceVersionDate "2006.11.23"]
[SourceQuality "1"]
[WhiteTeam "Gillette IV"]
[BlackTeam "Muenchen ADAC"]
[WhiteTeamCountry "GER"]
[BlackTeamCountry "GER"]

1. e4 e5 2. Nf3 Nc6 3. Bc4 Be7 4. d4 d6 5. dxe5 dxe5 6. Qxd8+ Bxd8 7. Nc3 Nf6 8. Be3 0-0 9. 0-0-0 Be7 10. a3 Bg4 11. h3 Bxf3 12. gxf3 a6 13. Bd5 Nxd5 14. Nxd5 Bd6 15. Rhg1 Kh8 16. f4 f5 17. fxe5 Nxe5 18. exf5 Rxf5 1/2-1/2